Keynes on monetary policy, finance and uncertainty liquidity preference theory and the global financial crisis

-д хадгалсан:
Номзүйн дэлгэрэнгүй
Үндсэн зохиолч: Bibow, Jo?rg
Формат: Ном
Хэвлэсэн: Routledge
Шошгууд: Шошго нэмэх
Шошго байхгүй, Энэхүү баримтыг шошголох эхний хүн болох!

MARC

LEADER 00000nam a2200000Ia 4500
005 20260515061617.0
100 |a Bibow, Jo?rg. 
020 |a 9780415616478 
942 |c BK 
245 |a Keynes on monetary policy, finance and uncertainty liquidity preference theory and the global financial crisis  
260 |b Routledge 
999 |c 66  |d 66 
952 |0 0  |1 0  |4 0  |7 0  |a ABDN  |b ABDN  |d 2026-05-15  |l 0  |p 000076  |r 2026-05-15 06:16:17  |w 2026-05-15  |y BK